| 000 | 00404 a2200145 4500 | ||
|---|---|---|---|
| 999 |
_c4106 _d4106 |
||
| 020 | _a9780751306460 | ||
| 050 | _aND 1535 SMI 1998 | ||
| 100 |
_aSmith, Ray _eauthor |
||
| 245 |
_aAn introduction to acrylics / _cRay Smith |
||
| 264 |
_aLondon: _bDorling Kindersley, _c1998 |
||
| 300 |
_a72p.: _bill.(col.) |
||
| 500 | _aIncludes index | ||
| 650 | _aMaterials and techniques | ||
| 942 |
_2lcc _cBK _h1535 _iSMI _kND |
||